[Event "EU-ch Online U2300 Qual"]
[Site "Chess.com INT"]
[Date "2020.05.25"]
[Round "4"]
[White "Asgeirsson, Heimir"]
[Black "Kusa, Jakub"]
[Result "0-1"]
[WhiteElo "2204"]
[BlackElo "2177"]
[PlyCount "84"]
[EventDate "2020.05.25"]
[EventType "swiss"]
[EventRounds "8"]
[EventCountry "NET"]
[SourceTitle "EXT 2021"]
[Source "ChessBase"]
[SourceDate "2020.10.23"]
[SourceVersion "1"]
[SourceVersionDate "2020.10.23"]
[SourceQuality "1"]

1. d4 Nf6 2. c4 e6 3. Nc3 d5 4. Nf3 Be7 5. Bg5 Nbd7 6. e3 h6 7. Bh4 0-0 8. Bd3 c5 9. cxd5 Nxd5 10. Bxe7 Nxe7 11. 0-0 b6 12. Be4 Rb8 13. Qe2 Nf6 14. Rfd1 Nxe4 15. Nxe4 Qc7 16. dxc5 bxc5 17. Rac1 Qb6 18. b3 Ba6 19. Qc2 Bb7 20. Nd6 Bxf3 21. gxf3 Nd5 22. Qxc5 Qa6 23. Rd2 Rfd8 24. Nc4 Rbc8 25. Qd4 Nb6 26. Qc3 Rxd2 27. Qxd2 Nxc4 28. bxc4 Rc5 29. Rc2 Qb7 30. Kg2 Rg5+ 31. Kf1 Qxf3 32. Qd4 e5 33. Qd8+ Kh7 34. Qd7 Rh5 35. Ke1 Rxh2 36. Qd3+ e4 37. Qe2 Qf6 38. Qg4 Rh4 39. Qg2 Qe5 40. c5 Rh2 41. Qg1 Qa1+ 42. Ke2 Qxg1 0-1

[Event "EU-ch Online U2300 Qual"]
[Site "Chess.com INT"]
[Date "2020.05.25"]
[Round "3"]
[White "Asgeirsson, Heimir"]
[Black "Levitan, Tal"]
[Result "1-0"]
[WhiteElo "2204"]
[BlackElo "2126"]
[PlyCount "127"]
[EventDate "2020.05.25"]
[EventType "swiss"]
[EventRounds "8"]
[EventCountry "NET"]
[SourceTitle "EXT 2021"]
[Source "ChessBase"]
[SourceDate "2020.10.23"]
[SourceVersion "1"]
[SourceVersionDate "2020.10.23"]
[SourceQuality "1"]

1. d4 d5 2. c4 e6 3. Nc3 Be7 4. Nf3 Nf6 5. Bg5 0-0 6. e3 b6 7. cxd5 exd5 8. Bd3 Nbd7 9. 0-0 Bb7 10. Rc1 Ne4 11. Bxe7 Qxe7 12. Qb3 c5 13. Nxd5 Bxd5 14. Qxd5 Ndf6 15. Qe5 Qb7 16. dxc5 Nxc5 17. Bb1 Rfe8 18. Qf4 a5 19. Rfd1 Rad8 20. h3 h6 21. Bf5 a4 22. Nd4 Qd5 23. a3 Ne6 24. Nxe6 Qxd1+ 25. Rxd1 Rxd1+ 26. Kh2 fxe6 27. Qxa4 Rd2 28. Bg6 Red8 29. Qb3 Nd5 30. Kg3 Rf8 31. f3 Rf6 32. Be4 h5 33. h4 Rf8 34. Bxd5 exd5 35. Qxb6 Rf6 36. Qb8+ Kh7 37. Kh3 Rg6 38. g3 Re6 39. Qf4 Rf6 40. Qe5 Rh6 41. a4 Rb6 42. Qxh5+ Kg8 43. a5 Rbxb2 44. a6 Ra2 45. Qf5 Ra1 46. Kg4 Rda2 47. Qxd5+ Kh7 48. e4 Rxa6 49. h5 R1a5 50. Qd8 Re5 51. f4 Rxe4 52. Qd3 Rae6 53. Kf3 Kh6 54. Qxe4 Rxe4 55. Kxe4 Kxh5 56. Kf5 Kh6 57. g4 g5 58. fxg5+ Kg7 59. g6 Kg8 60. Kf6 Kf8 61. Kg5 Kg7 62. Kh5 Kg8 63. Kh6 Kh8 64. g7+ 1-0

[Event "ISL-chT2 1921"]
[Site "Reykjavik"]
[Date "2019.10.04"]
[Round "1.3"]
[White "Asgeirsson, Heimir"]
[Black "Magnusson, Patrekur Maron"]
[Result "0-1"]
[WhiteElo "2202"]
[BlackElo "2056"]
[PlyCount "58"]
[EventDate "2019.10.04"]
[EventType "team-tourn"]
[EventRounds "7"]
[EventCountry "ISL"]
[SourceTitle "EXT 2024"]
[Source "ChessBase"]
[SourceDate "2023.10.10"]
[SourceVersion "1"]
[SourceVersionDate "2023.10.10"]
[SourceQuality "1"]
[WhiteTeam "Hauka"]
[BlackTeam "Hrokar alls Fagnadar"]
[WhiteTeamCountry "ISL"]
[BlackTeamCountry "ISL"]

1. d4 f5 2. Bg5 h6 3. Bh4 g5 4. Bg3 Nf6 5. e3 d6 6. c3 e6 7. Bd3 Qe7 8. Qc2 Nc6 9. Nd2 Bd7 10. h4 Rg8 11. hxg5 hxg5 12. 0-0-0 0-0-0 13. Ne2 Ng4 14. Nc4 d5 15. Nd2 Qf7 16. Nf1 Bd6 17. Bxd6 cxd6 18. Ng1 Kb8 19. f3 Nf6 20. Nd2 Rc8 21. a3 f4 22. Nb3 e5 23. dxe5 dxe5 24. Nc5 fxe3 25. Qb3 Na5 26. Qb4 Rxc5 27. Kb1 Rgc8 28. Ne2 Nc4 29. a4 a5 0-1

[Event "ISL-chT2 1819"]
[Site "Reykjavik"]
[Date "2019.03.02"]
[Round "6.2"]
[White "Asgeirsson, Heimir"]
[Black "Briem, Stephan"]
[Result "1/2-1/2"]
[WhiteElo "2189"]
[BlackElo "2154"]
[PlyCount "88"]
[EventDate "2018.11.09"]
[EventType "team-tourn"]
[EventRounds "7"]
[EventCountry "ISL"]
[SourceTitle "CBM 189 Extra"]
[Source "ChessBase"]
[SourceDate "2019.06.03"]
[SourceVersion "1"]
[SourceVersionDate "2019.06.03"]
[SourceQuality "1"]
[WhiteTeam "Skakdeild Hauka"]
[BlackTeam "Breidjablik Bolungavik II"]
[WhiteTeamCountry "ISL"]
[BlackTeamCountry "ISL"]

1. d4 e6 2. c4 f5 3. Nc3 Nf6 4. Bf4 Bb4 5. a3 Bxc3+ 6. bxc3 b6 7. e3 Bb7 8. Nf3 0-0 9. Bd3 d6 10. 0-0 Nbd7 11. Bg5 Qe8 12. Bxf6 Rxf6 13. Nd2 e5 14. e4 f4 15. Re1 g5 16. Be2 Rh6 17. Bg4 Nf6 18. Bf5 Bc8 19. Bxc8 Rxc8 20. f3 Rg6 21. h3 h5 22. Kf2 Kg7 23. Ke2 g4 24. hxg4 hxg4 25. Rh1 c6 26. Qa4 Qe7 27. Kd3 d5 28. exd5 cxd5 29. Rae1 Rg5 30. Rxe5 Rxe5 31. dxe5 Nd7 32. Kc2 Nc5 33. Qb4 Qxe5 34. cxd5 Qxd5 35. Qc4 Qxc4 36. Nxc4 Na4 37. Kb3 b5 38. Nd6 Rxc3+ 39. Kb4 gxf3 40. gxf3 Rxf3 41. Nxb5 Nb6 42. Nxa7 Nd5+ 43. Kc5 Rxa3 44. Kxd5 Rxa7 1/2-1/2

[Event "ISL-chT2 1819"]
[Site "Reykjavik"]
[Date "2018.11.09"]
[Round "1.3"]
[White "Asgeirsson, Heimir"]
[Black "Torfason, Jon"]
[Result "1-0"]
[WhiteElo "2189"]
[BlackElo "2238"]
[PlyCount "95"]
[EventDate "2018.11.09"]
[EventType "team-tourn"]
[EventRounds "7"]
[EventCountry "ISL"]
[SourceTitle "CBM 187 Extra"]
[Source "ChessBase"]
[SourceDate "2018.11.04"]
[SourceVersion "1"]
[SourceVersionDate "2018.11.04"]
[SourceQuality "1"]
[WhiteTeam "Skakdeild Hauka"]
[BlackTeam "Vinaskakfelagid"]
[WhiteTeamCountry "ISL"]
[BlackTeamCountry "ISL"]

1. d4 Nf6 2. c4 e6 3. Nc3 Bb4 4. f3 Bxc3+ 5. bxc3 d6 6. e4 e5 7. Bd3 0-0 8. Ne2 c5 9. d5 Nbd7 10. Ng3 Ne8 11. 0-0 g6 12. Bh6 Ng7 13. Qd2 f6 14. a4 Rf7 15. Ra2 Nf8 16. Qc1 Bd7 17. Ne2 Qe7 18. g4 g5 19. h4 gxh4 20. Kh2 Ng6 21. Ng1 Kh8 22. Nh3 Rg8 23. Nf2 Ne8 24. Nd1 Nc7 25. Rg1 Na6 26. Ne3 Nb8 27. Nf5 Bxf5 28. exf5 Nf8 29. Qe1 Nbd7 30. Rb2 b6 31. Be4 Qe8 32. Qxh4 Rfg7 33. Bxg7+ Rxg7 34. g5 fxg5 35. Rxg5 Rxg5 36. Qxg5 Qf7 37. Rg2 Nf6 38. Kg1 N8d7 39. Bd3 Nf8 40. Rh2 Qg7 41. Rg2 Qxg5 42. Rxg5 h6 43. Rg2 Kh7 44. a5 h5 45. axb6 axb6 46. Kh2 Kh6 47. Kh3 N6h7 48. Rg8 1-0

[Event "ISL-chT2 1718"]
[Site "Reykjavik"]
[Date "2017.10.21"]
[Round "3.3"]
[White "Vigfusson, Vigfus Odon"]
[Black "Asgeirsson, Heimir"]
[Result "1/2-1/2"]
[WhiteElo "1987"]
[BlackElo "2186"]
[PlyCount "84"]
[EventDate "2017.10.20"]
[EventType "team-tourn"]
[EventRounds "7"]
[EventCountry "ISL"]
[SourceTitle "CBM 181 Extra"]
[Source "ChessBase"]
[SourceDate "2017.12.12"]
[SourceVersion "1"]
[SourceVersionDate "2017.12.12"]
[SourceQuality "1"]
[WhiteTeam "Huginn"]
[BlackTeam "Hauka"]
[WhiteTeamCountry "ISL"]
[BlackTeamCountry "ISL"]

1. e4 c5 2. c3 Nf6 3. e5 Nd5 4. d4 cxd4 5. Nf3 d6 6. cxd4 Nc6 7. exd6 e6 8. Nc3 Nxc3 9. bxc3 Bxd6 10. Bd3 h6 11. 0-0 0-0 12. Re1 Qa5 13. Bd2 Re8 14. Qe2 Bd7 15. Qe4 f5 16. Qh4 Qd8 17. Qxd8 Raxd8 18. Rab1 b6 19. c4 e5 20. d5 Nb8 21. Bf1 Na6 22. Bc3 e4 23. Nd4 Rc8 24. Nb5 Bxb5 25. Rxb5 Nc7 26. Rb3 Bc5 27. Bb4 Na6 28. Bxc5 Nxc5 29. Ra3 Re7 30. f3 Kf7 31. fxe4 fxe4 32. g3 Kf6 33. Rae3 Ke5 34. Rd1 Rf8 35. Bh3 Rf6 36. Rd2 Ref7 37. Bg2 Re7 38. Bh3 g5 39. Bg2 Re8 40. Rd1 Rd6 41. Rd2 Rf6 42. Rd1 Rd6 1/2-1/2

[Event "ISL-chT2 1617"]
[Site "Reykjavik"]
[Date "2017.03.04"]
[Round "7.3"]
[White "Asgeirsson, Heimir"]
[Black "Magnusson, Patrekur Maron"]
[Result "1-0"]
[WhiteElo "2167"]
[BlackElo "2037"]
[PlyCount "41"]
[EventDate "2016.09.30"]
[EventType "team-tourn"]
[EventRounds "7"]
[EventCountry "ISL"]
[SourceTitle "EXT 2018"]
[Source "ChessBase"]
[SourceDate "2017.10.13"]
[SourceVersion "1"]
[SourceVersionDate "2017.10.13"]
[SourceQuality "1"]
[WhiteTeam "Hauka"]
[BlackTeam "Island"]
[WhiteTeamCountry "ISL"]
[BlackTeamCountry "ISL"]

1. d4 f5 2. Bg5 h6 3. Bh4 d6 4. e3 g6 5. Bd3 Nf6 6. Bxf6 exf6 7. g4 fxg4 8. Bxg6+ Ke7 9. Ne2 Bg7 10. Qd3 Nc6 11. Nf4 Kf8 12. Qb3 Qe7 13. Bh5 Bf5 14. Qxb7 Qe4 15. Qxa8+ Ke7 16. Qb7 Qxh1+ 17. Kd2 Rc8 18. Bg6 Bd7 19. Qb3 Rf8 20. Nc3 Qf3 21. Ncd5+ 1-0

[Event "ISL-chT2 1617"]
[Site "Reykjavik"]
[Date "2017.03.04"]
[Round "6.3"]
[White "Mai, Aron Thor"]
[Black "Asgeirsson, Heimir"]
[Result "0-1"]
[WhiteElo "1845"]
[BlackElo "2167"]
[PlyCount "110"]
[EventDate "2016.09.30"]
[EventType "team-tourn"]
[EventRounds "7"]
[EventCountry "ISL"]
[SourceTitle "EXT 2018"]
[Source "ChessBase"]
[SourceDate "2017.10.13"]
[SourceVersion "1"]
[SourceVersionDate "2017.10.13"]
[SourceQuality "1"]
[WhiteTeam "Reykjavik III"]
[BlackTeam "Hauka"]
[WhiteTeamCountry "ISL"]
[BlackTeamCountry "ISL"]

1. d4 Nf6 2. Nc3 d5 3. Bf4 e6 4. Nb5 Na6 5. a3 c5 6. e3 c4 7. a4 Qb6 8. Qc1 Bb4+ 9. c3 Be7 10. Be2 Bd7 11. Na3 0-0 12. Nf3 Nb8 13. h3 Nc6 14. 0-0 Na5 15. Nd2 Rac8 16. f3 Nh5 17. Bh2 f5 18. Qc2 Nf6 19. Be5 a6 20. Rae1 Nb3 21. Naxc4 dxc4 22. Nxc4 Rxc4 23. Bxc4 Bxa4 24. Bc7 Qxc7 25. Bxe6+ Kh8 26. Bxb3 Bb5 27. c4 Bd7 28. e4 Bb4 29. Rd1 Qg3 30. e5 Nh5 31. Qf2 Qg6 32. f4 Ng3 33. d5 b6 34. Kh2 Nxf1+ 35. Rxf1 Bc5 36. Qd2 Bc8 37. Bd1 a5 38. Bf3 Rd8 39. Qe2 Qe8 40. b3 a4 41. bxa4 Qxa4 42. Rd1 Ba6 43. Qd3 Qxc4 44. Qxf5 Rf8 45. Qh5 Qxf4+ 46. Kh1 g6 47. Qg4 Qxe5 48. d6 Bxd6 49. Rxd6 Qxd6 50. Qa4 b5 51. Qa1+ Qf6 52. Qb1 Qd4 53. Qa2 Bc8 54. Bc6 Rf1+ 55. Kh2 Qf4+ 0-1

[Event "ISL-chT2 1516"]
[Site "Reykjavik"]
[Date "2015.09.26"]
[Round "3.1"]
[White "Finnbogadottir, Tinna Kristin"]
[Black "Asgeirsson, Heimir"]
[Result "0-1"]
[WhiteElo "1926"]
[BlackElo "2167"]
[PlyCount "76"]
[EventDate "2015.09.25"]
[EventType "team-tourn"]
[EventRounds "7"]
[EventCountry "ISL"]
[SourceTitle "EXT 2017"]
[Source "ChessBase"]
[SourceDate "2016.10.25"]
[SourceVersion "1"]
[SourceVersionDate "2016.10.25"]
[SourceQuality "1"]
[WhiteTeam "Borgarnes"]
[BlackTeam "Haukar"]
[WhiteTeamCountry "ISL"]
[BlackTeamCountry "ISL"]

1. e4 c5 2. c3 Nf6 3. e5 Nd5 4. g3 Nc6 5. Bg2 e6 6. Nf3 d6 7. exd6 Bxd6 8. d4 0-0 9. 0-0 h6 10. dxc5 Bxc5 11. Nbd2 Qc7 12. Ne4 Be7 13. Qe2 Rd8 14. Be3 f5 15. Ned2 e5 16. Nb3 b6 17. Rad1 Be6 18. Bc1 Bf7 19. Ne1 Bf6 20. Qc2 Nde7 21. Rxd8+ Rxd8 22. Nf3 Qd6 23. Re1 Bc4 24. Nbd2 Bd3 25. Qb3+ Kh7 26. Nc4 Qc5 27. Ne3 e4 28. Nh4 Bxh4 29. gxh4 f4 30. Ng4 Qh5 31. h3 f3 32. Bf1 Qxh4 33. Bxd3 exd3 34. Qe6 Rf8 35. Re4 Rf5 36. Kh2 h5 37. Ne3 Qxf2+ 38. Kh1 Rg5 0-1

[Event "Reykjavik op"]
[Site "Reykjavik"]
[Date "2009.03.30"]
[Round "7"]
[White "Thorfinnsson, Bragi"]
[Black "Asgeirsson, Heimir"]
[Result "1-0"]
[WhiteElo "2383"]
[BlackElo "2171"]
[PlyCount "123"]
[EventDate "2009.03.24"]
[EventType "swiss"]
[EventRounds "9"]
[EventCountry "ISL"]
[SourceTitle "CBM 129 Extra"]
[Source "ChessBase"]
[SourceDate "2009.05.05"]
[SourceVersion "2"]
[SourceVersionDate "2009.05.20"]
[SourceQuality "1"]

1. e4 c5 2. Nf3 Nc6 3. Bb5 g6 4. 0-0 Bg7 5. Re1 e5 6. Bxc6 dxc6 7. d3 Qe7 8. a3 a5 9. h3 Nf6 10. Be3 0-0 11. Nbd2 Nd7 12. Nc4 Rd8 13. a4 b6 14. Ra3 Rb8 15. Rb3 Ba6 16. Nfd2 Rb7 17. Qg4 Rdb8 18. Qg3 f6 19. f4 exf4 20. Bxf4 Ne5 21. Rf1 Bxc4 22. Nxc4 Nxc4 23. Bxb8 Nd2 24. Bd6 Qe6 25. Ra3 Nxf1 26. Kxf1 f5 27. e5 f4 28. Qg4 Qxg4 29. hxg4 Kf7 30. Rb3 b5 31. Bxc5 Bxe5 32. d4 Bf6 33. d5 cxd5 34. axb5 Ke6 35. Ba3 d4 36. Ke2 Kd5 37. Kd3 Be7 38. c4+ dxc3 39. bxc3 Bc5 40. c4+ Kd6 41. Ke4 Bxa3 42. Rxa3 Kc5 43. Rxa5 Kxc4 44. Kxf4 Kb4 45. Ra2 Rf7+ 46. Kg5 Kxb5 47. Rc2 Kb6 48. Rc3 Rf2 49. Rg3 Kc6 50. Kh6 Rf7 51. Rf3 Re7 52. g5 Kd5 53. Rf1 Ra7 54. Re1 Kd6 55. Re8 Kd5 56. g4 Rb7 57. Rh8 Ke5 58. Rxh7 Rb6 59. Rf7 Rc6 60. Kg7 Rc4 61. Kxg6 Rxg4 62. Rf1 1-0

[Event "Reykjavik op"]
[Site "Reykjavik"]
[Date "2009.03.29"]
[Round "6"]
[White "Asgeirsson, Heimir"]
[Black "Arngrimsson, Dagur"]
[Result "1/2-1/2"]
[WhiteElo "2171"]
[BlackElo "2404"]
[PlyCount "167"]
[EventDate "2009.03.24"]
[EventType "swiss"]
[EventRounds "9"]
[EventCountry "ISL"]
[SourceTitle "CBM 129 Extra"]
[Source "ChessBase"]
[SourceDate "2009.05.05"]
[SourceVersion "2"]
[SourceVersionDate "2009.05.20"]
[SourceQuality "1"]

1. d4 d5 2. c4 c6 3. Nc3 Nf6 4. Nf3 Ne4 5. Nxe4 dxe4 6. Ng5 e5 7. dxe5 Qa5+ 8. Bd2 Qxe5 9. Qc2 e3 10. Bxe3 Bb4+ 11. Bd2 Bf5 12. Nf3 Qf6 13. e4 Bxd2+ 14. Nxd2 Bg6 15. Be2 Na6 16. 0-0 0-0-0 17. Rad1 Rhe8 18. f3 Qf4 19. Qc3 f5 20. b4 Qd6 21. c5 Qd4+ 22. Qxd4 Rxd4 23. Nc4 Rxd1 24. Rxd1 Kc7 25. Nd6 Rf8 26. Bxa6 bxa6 27. exf5 Bxf5 28. Nxf5 Rxf5 29. Kf2 a5 30. a3 axb4 31. axb4 a5 32. g4 Re5 33. bxa5 Rxc5 34. Ra1 Kb7 35. a6+ Ka7 36. h4 Rc2+ 37. Ke3 c5 38. h5 g5 39. Ra3 Rc4 40. Ra5 h6 41. Kd3 Rf4 42. Ke3 Rc4 43. Ra3 Rf4 44. Rc3 Kb6 45. Ra3 Ka7 46. Ra5 Rc4 47. Kd3 Rd4+ 48. Ke2 Rd5 49. Ke3 Re5+ 50. Kd2 Rd5+ 51. Ke2 Re5+ 52. Kf2 Rd5 53. Kg2 Rd2+ 54. Kg3 Rc2 55. Ra4 c4 56. Ra3 Rb2 57. Rc3 Rb4 58. Ra3 Rb2 59. Rc3 Rb4 60. Ra3 Rb6 61. Rc3 Rc6 62. f4 Kxa6 63. fxg5 hxg5 64. Kf3 Kb5 65. Ke4 Rf6 66. Ke5 Rf8 67. h6 Kb4 68. Rc1 c3 69. Ke6 Kb3 70. Ke7 Rh8 71. Kf6 Rxh6+ 72. Kxg5 Rh2 73. Rxc3+ Kxc3 74. Kf6 Kd4 75. g5 Rf2+ 76. Ke6 Rg2 77. Kf6 Rf2+ 78. Ke6 Rg2 79. Kf6 Kd5 80. g6 Rf2+ 81. Ke7 Rg2 82. Kf7 Kd6 83. g7 Rf2+ 84. Ke8 1/2-1/2

[Event "Reykjavik op"]
[Site "Reykjavik"]
[Date "2009.03.25"]
[Round "2"]
[White "Asgeirsson, Heimir"]
[Black "Fridgeirsson, Dagur Andri"]
[Result "1-0"]
[WhiteElo "2171"]
[BlackElo "1787"]
[PlyCount "69"]
[EventDate "2009.03.24"]
[EventType "swiss"]
[EventRounds "9"]
[EventCountry "ISL"]
[SourceTitle "CBM 129 Extra"]
[Source "ChessBase"]
[SourceDate "2009.05.05"]
[SourceVersion "2"]
[SourceVersionDate "2009.05.20"]
[SourceQuality "1"]

1. d4 d5 2. Nf3 Nf6 3. e3 e6 4. Bd3 c6 5. b3 Nbd7 6. Bb2 Bd6 7. c4 0-0 8. Qc2 Re8 9. c5 Bc7 10. Ne5 Nf8 11. Nd2 Bxe5 12. dxe5 N6d7 13. 0-0 Qc7 14. f4 b6 15. b4 Rb8 16. cxb6 axb6 17. a4 c5 18. Bb5 Rd8 19. Nb3 Bb7 20. bxc5 bxc5 21. Ba3 Rbc8 22. Rfc1 c4 23. Be7 Re8 24. Bd6 Qb6 25. Nd4 Ba6 26. a5 Qa7 27. Qc3 Bxb5 28. Nxb5 Qb7 29. Rcb1 d4 30. exd4 Ng6 31. Nc7 Qe4 32. Re1 Qf5 33. Nxe8 Nxf4 34. Nc7 Nd3 35. Re2 1-0

[Event "Reykjavik IM"]
[Site "Reykjavik"]
[Date "2007.04.08"]
[Round "7"]
[White "McNab, Colin Anderson"]
[Black "Asgeirsson, Heimir"]
[Result "1/2-1/2"]
[WhiteElo "2418"]
[BlackElo "2180"]
[PlyCount "84"]
[EventDate "2007.04.04"]
[EventType "tourn"]
[EventRounds "9"]
[EventCountry "ISL"]
[EventCategory "3"]
[SourceTitle "CBM 117 Extra"]
[Source "ChessBase"]
[SourceDate "2007.05.09"]
[SourceVersion "1"]
[SourceVersionDate "2007.05.09"]
[SourceQuality "1"]

1. c4 e6 2. Nf3 Nf6 3. g3 d5 4. b3 d4 5. Bg2 Nc6 6. 0-0 Bc5 7. e3 0-0 8. exd4 Nxd4 9. Nc3 Re8 10. d3 e5 11. h3 c6 12. Rb1 a5 13. Re1 Qd6 14. Bb2 Bf5 15. Ne4 Bxe4 16. dxe4 Red8 17. Nh4 Rd7 18. Bxd4 Qxd4 19. Qxd4 Bxd4 20. Re2 Rad8 21. Rc1 Ne8 22. Nf3 Nc7 23. Rd2 f6 24. Rcd1 Ne6 25. Kf1 Kf7 26. Ne1 Rd6 27. h4 Ke7 28. Ke2 Nc5 29. f3 Bc3 30. Rxd6 Rxd6 31. Rxd6 Kxd6 32. Nd3 Nxd3 33. Kxd3 Be1 34. h5 Bxg3 35. Bh3 g6 36. hxg6 hxg6 37. Bc8 b6 38. a4 Kc7 39. Be6 Kd6 40. Bf7 g5 41. Bg6 Kc5 42. Bf5 Kb4 1/2-1/2

[Event "EU-Cup 22nd"]
[Site "Fuegen"]
[Date "2006.10.09"]
[Round "2.3"]
[White "Welling, Gerard J"]
[Black "Asgeirsson, Heimir"]
[Result "0-1"]
[WhiteElo "2371"]
[BlackElo "2191"]
[PlyCount "112"]
[EventDate "2006.10.08"]
[EventType "team-swiss"]
[EventRounds "7"]
[EventCountry "AUT"]
[SourceTitle "CBM 115"]
[Source "ChessBase"]
[SourceDate "2006.11.15"]
[SourceVersion "1"]
[SourceVersionDate "2006.11.15"]
[SourceQuality "1"]
[WhiteTeam "Calder HMC"]
[BlackTeam "Haukar"]
[WhiteTeamCountry "NED"]
[BlackTeamCountry "ISL"]

1. Nf3 Nf6 2. g3 g6 3. Bg2 Bg7 4. 0-0 0-0 5. d4 d5 6. c4 c6 7. cxd5 cxd5 8. Ne5 Qb6 9. Nc3 Nc6 10. Na4 Qb5 11. Bg5 e6 12. Nxc6 Qxc6 13. Rc1 Qe8 14. Bf4 Qd8 15. Bc7 Qe7 16. Be5 Bd7 17. Nc5 Bc6 18. Qd3 Rfd8 19. b4 b6 20. Nb3 Qd7 21. Rc2 Rac8 22. Rfc1 Ne4 23. Bxg7 Kxg7 24. Bxe4 dxe4 25. Qc3 Bb7 26. Qb2 Qd5 27. e3 Rxc2 28. Rxc2 Rc8 29. Rxc8 Bxc8 30. Qd2 Ba6 31. Nc1 Qb5 32. Qe1 Qc4 33. Kg2 h5 34. h4 Qc2 35. Kg1 Bc4 36. Kg2 b5 37. Kg1 Kf8 38. Kg2 Ke7 39. Kg1 Kd7 40. Kg2 Kd6 41. Kg1 Kc6 42. Kg2 Kb6 43. Kg1 Qa4 44. Kg2 a5 45. bxa5+ Qxa5 46. Qd1 Qc3 47. Kh2 Qb2 48. Kg2 Ka5 49. Nb3+ Kb6 50. Nc1 Bxa2 51. Nxa2 Qxa2 52. Qc1 Qc4 53. Qa3 b4 54. Qa8 b3 55. Qb8+ Ka5 56. Qa7+ Kb4 0-1

[Event "EU-Cup 22nd"]
[Site "Fuegen"]
[Date "2006.10.08"]
[Round "1.3"]
[White "Asgeirsson, Heimir"]
[Black "Schwarz, Michael"]
[Result "0-1"]
[WhiteElo "2191"]
[BlackElo "2399"]
[PlyCount "58"]
[EventDate "2006.10.08"]
[EventType "team-swiss"]
[EventRounds "7"]
[EventCountry "AUT"]
[SourceTitle "CBM 115"]
[Source "ChessBase"]
[SourceDate "2006.11.15"]
[SourceVersion "1"]
[SourceVersionDate "2006.11.15"]
[SourceQuality "1"]
[WhiteTeam "Haukar"]
[BlackTeam "Jenbach"]
[WhiteTeamCountry "ISL"]
[BlackTeamCountry "AUT"]

1. d4 Nf6 2. c4 e6 3. Nc3 Bb4 4. f3 c5 5. d5 d6 6. e4 Bxc3+ 7. bxc3 Nh5 8. Be3 e5 9. Qd2 g6 10. Bd3 f5 11. exf5 Bxf5 12. Bg5 Qd7 13. g4 Bxd3 14. Qxd3 Ng7 15. Ne2 0-0 16. Ng3 Ne8 17. h4 Qf7 18. Ke2 b5 19. h5 bxc4 20. Qe4 Nd7 21. Bh6 Ndf6 22. hxg6 hxg6 23. Qxc4 Nxd5 24. Kd2 Nf4 25. Qe4 Nf6 26. Qc2 Rfe8 27. Rag1 Rab8 28. Ke1 Rb2 29. Qd1 Qc4 0-1

[Event "ISL-ch"]
[Site "Reykjavik"]
[Date "2005.08.21"]
[Round "11"]
[White "Asgeirsson, Heimir"]
[Black "Kristjansson, Stefan"]
[Result "0-1"]
[WhiteElo "2118"]
[BlackElo "2459"]
[PlyCount "66"]
[EventDate "2005.08.11"]
[EventType "tourn"]
[EventRounds "11"]
[EventCountry "ISL"]
[EventCategory "3"]
[SourceTitle "CBM 107 Extra"]
[Source "ChessBase"]
[SourceDate "2005.09.01"]
[SourceVersion "1"]
[SourceVersionDate "2005.09.01"]
[SourceQuality "1"]

1. d4 d5 2. c4 e5 3. dxe5 d4 4. Nf3 Nc6 5. g3 Nge7 6. Nbd2 a5 7. Bg2 a4 8. Ne4 Ng6 9. Bg5 Bb4+ 10. Kf1 Be7 11. Bxe7 Ngxe7 12. Nc5 a3 13. bxa3 0-0 14. Nb3 Ng6 15. Nbxd4 Ncxe5 16. Qc2 Qf6 17. Rd1 Rd8 18. Kg1 c5 19. Nb3 Bf5 20. Rxd8+ Rxd8 21. Qc1 Nxf3+ 22. Bxf3 Bh3 23. Bg2 Nf4 24. Bf1 Bxf1 25. Kxf1 Nh3 26. f3 Qe5 27. Kg2 Ng5 28. e4 b6 29. Rd1 Rxd1 30. Qxd1 h6 31. Qd8+ Kh7 32. h4 Ne6 33. a4 Nxd8 0-1

[Event "ISL-ch"]
[Site "Reykjavik"]
[Date "2005.08.17"]
[Round "7"]
[White "Asgeirsson, Heimir"]
[Black "Gunnarsson, Jon Viktor"]
[Result "1/2-1/2"]
[WhiteElo "2118"]
[BlackElo "2388"]
[PlyCount "50"]
[EventDate "2005.08.11"]
[EventType "tourn"]
[EventRounds "11"]
[EventCountry "ISL"]
[EventCategory "3"]
[SourceTitle "CBM 107 Extra"]
[Source "ChessBase"]
[SourceDate "2005.09.01"]
[SourceVersion "1"]
[SourceVersionDate "2005.09.01"]
[SourceQuality "1"]

1. d4 g6 2. c4 Bg7 3. e4 c5 4. d5 d6 5. Nc3 e6 6. Nf3 Nf6 7. Bd3 Na6 8. 0-0 Nc7 9. h3 0-0 10. a4 e5 11. Nh2 Kh8 12. Bg5 Qd7 13. Qd2 Ng8 14. Be3 f5 15. f4 Na6 16. Rae1 Nb4 17. Bb1 b6 18. Nf3 Bf6 19. fxe5 dxe5 20. Bg5 Bxg5 21. Qxg5 Qg7 22. exf5 Bxf5 23. Nxe5 Rae8 24. Nf3 Rxe1 25. Rxe1 Bxh3 1/2-1/2

[Event "ISL-ch"]
[Site "Reykjavik"]
[Date "2005.08.13"]
[Round "3"]
[White "Asgeirsson, Heimir"]
[Black "Thorfinnsson, Bjorn"]
[Result "1/2-1/2"]
[WhiteElo "2118"]
[BlackElo "2328"]
[PlyCount "62"]
[EventDate "2005.08.11"]
[EventType "tourn"]
[EventRounds "11"]
[EventCountry "ISL"]
[EventCategory "3"]
[SourceTitle "CBM 107 Extra"]
[Source "ChessBase"]
[SourceDate "2005.09.01"]
[SourceVersion "1"]
[SourceVersionDate "2005.09.01"]
[SourceQuality "1"]

1. d4 d5 2. c4 dxc4 3. e3 Nf6 4. Bxc4 e6 5. Nf3 a6 6. 0-0 Nbd7 7. a4 b6 8. Nc3 Bb7 9. Qe2 Bb4 10. Bd3 Qe7 11. e4 h6 12. e5 Nd5 13. Nxd5 Bxd5 14. Bxa6 Rxa6 15. Qxa6 0-0 16. Qe2 Nb8 17. Bd2 Nc6 18. Bc3 f6 19. exf6 Rxf6 20. Ne5 Nxe5 21. dxe5 Rf4 22. Bxb4 Qxb4 23. Qe3 Rc4 24. Rac1 Re4 25. Qc3 Qxa4 26. Qxc7 Rg4 27. f3 Rxg2+ 28. Kxg2 Qg4+ 29. Kh1 Bxf3+ 30. Rxf3 Qxf3+ 31. Kg1 Qe3+ 1/2-1/2

[Event "Politiken Cup 27th"]
[Site "Copenhagen"]
[Date "2005.07.23"]
[Round "9"]
[White "Asgeirsson, Heimir"]
[Black "Lovik, Lasse Ostebo"]
[Result "1-0"]
[WhiteElo "2118"]
[BlackElo "1943"]
[PlyCount "91"]
[EventDate "2005.07.16"]
[EventType "swiss"]
[EventRounds "10"]
[EventCountry "DEN"]
[SourceTitle "CBM 107 Extra"]
[Source "ChessBase"]
[SourceDate "2005.09.01"]
[SourceVersion "1"]
[SourceVersionDate "2005.09.01"]
[SourceQuality "1"]

1. d4 Nf6 2. c4 g6 3. Nc3 d5 4. h4 c6 5. cxd5 cxd5 6. Bf4 Bg7 7. e3 Bd7 8. Be2 h5 9. Qb3 Bc6 10. Nf3 Nbd7 11. Ne5 Nxe5 12. dxe5 Ne4 13. e6 f5 14. Nxe4 fxe4 15. 0-0 Qb6 16. Bg5 Qxb3 17. axb3 Bxb2 18. Ra2 Bf6 19. b4 d4 20. exd4 0-0 21. Bxf6 Rxf6 22. Bc4 Rd8 23. d5 Rxd5 24. Bxd5 Bxd5 25. Rxa7 Rxe6 26. Rd1 Rd6 27. Ra5 e6 28. Rc5 Rc6 29. Rxc6 bxc6 30. Kf1 Kf7 31. Ke2 Kf6 32. Ke3 Kf5 33. g3 Ke5 34. Ra1 Kf5 35. Ra8 Ke5 36. Rf8 Bc4 37. Rf4 Bd5 38. g4 hxg4 39. Rxg4 Kf6 40. Kd4 Kf5 41. Rg5+ Kf6 42. Rg3 Kf5 43. Kc5 Kf6 44. Kd6 Kf5 45. Ke7 Kf4 46. Kf6 1-0